000 00538nam a2200181Ia 4500
008 151202s9999||||xx |||||||||||||| ||und||
082 _bPNVM-55438
100 _aरानडे जयंत.
245 _aडबल क्रॉस.
260 _b"श्रदा प्रकाशन,पुणे."
260 _c1981
300 _a134
600 _aरानडे जयंत.
630 _aडबल क्रॉस.
700 _aरानडे जयंत.
730 _aडबल क्रॉस.
942 _cBOOK
999 _c1321976
_d1321973